000 00757nam a2200265 a 4500
001 72537
003 BD-RjUL
005 20211209082256.0
008 170520s1967 enka b 001 0 eng
035 _a(BD-RjUL)72755
040 _aDLC
_cDLC
_dBD-RjUL
_beng
041 _aeng
082 0 0 _a571.835
_223
_bBUE 1967
100 1 _aBullough, William Sydney,
_d1914-
_9214564
245 1 4 _aThe evolution of differentiation /
_cWilliam S. Bullough.
260 _aNew York :
_bAcademic Press,
_c1967.
300 _avi, 206 p. :
_bill. ;
_c24 cm.
350 _a45/-
500 _aIncludes index
650 0 _aCell differentiation.
_9205485
650 0 _aCytogenetics.
_9214565
650 0 _aCarcinogenesis.
_9207063
942 _2ddc
_cBK
999 _c72537
_d72537